Niektoré poznámky k hospodárskej kríze

Stručné poukázanie na príčiny krízy a na formulovanie východísk pre predchádzanie kríz najmä z hľadiska ekonomickej teórie. Prečo kríza vznikla, príčiny krízy, kto zlyhal.

Na minha lista:
Detalhes bibliográficos
Autor principal: Sivák, Rudolf, 1955-
Formato: Capítulo de Livro
Idioma:eslovaco
Assuntos:
Tags: Adicionar Tag
Sem tags, seja o primeiro a adicionar uma tag!

MARC

LEADER 00000naa$a2200000$$$4500
001 0110903
005 20240502072227.5
041 0 |a slo 
044 |a SK 
245 1 0 |a Niektoré poznámky k hospodárskej kríze  |c Rudolf Sivák 
520 |a Stručné poukázanie na príčiny krízy a na formulovanie východísk pre predchádzanie kríz najmä z hľadiska ekonomickej teórie. Prečo kríza vznikla, príčiny krízy, kto zlyhal. 
610 2 0 |a kríza hospodárska 
610 2 0 |a teórie ekonomické 
100 1 |a Sivák, Rudolf, 1955-